Science Quiz

Random Science or Numbers Quiz

Factor Frenzy Quiz Stats

Quiz Updated Jun 7, 2017

Challenge
Share
Tweet
Embed
Score 0/36 Timer 03:00
0 Plays Today
Number Factors % Correct
11
73%
31, 3
71.9%
51, 5
71.9%
21, 2
71.8%
41, 2, 4
71.7%
71, 7
71.6%
111, 11
71.6%
91, 3, 9
71.5%
81, 2, 4, 8
71.4%
61, 2, 3, 6
71.4%
131, 13
71%
101, 2, 5, 10
70.7%
171, 17
70.5%
191, 19
70.3%
151, 3, 5, 15
70.2%
141, 2, 7, 14
70.1%
231, 23
70.1%
121, 2, 3, 4, 6, 12
70%
Number Factors % Correct
251, 5, 25
69.7%
211, 3, 7, 21
69.6%
311, 31
69.5%
161, 2, 4, 8, 16
69.3%
201, 2, 4, 5, 10, 20
69.2%
221, 2, 11, 22
69.2%
291, 29
69%
331, 3, 11, 33
68.9%
271, 3, 9, 27
68.7%
181, 2, 3, 6, 9, 18
67.9%
351, 5, 7, 35
67.4%
261, 2, 13, 26
66.3%
241, 2, 3, 4, 6, 8, 12, 24
65.8%
301, 2, 3, 5, 6, 10, 15, 30
64.9%
321, 2, 4, 8, 16, 32
64.4%
281, 2, 4, 7, 14, 28
64.2%
341, 2, 17, 34
63.6%
361, 2, 3, 4, 6, 9, 12, 18, 36
55.1%

You're not logged in!

Compare scores with friends on all Sporcle quizzes.
Sign Up with Email
OR
Log In

You Might Also Like...

Show Comments

Extras

Top Quizzes Today


Score Distribution

Your Account Isn't Verified!

In order to create a playlist on Sporcle, you need to verify the email address you used during registration. Go to your Sporcle Settings to finish the process.